Statistics for Top Female Star Trek Characters

Click here to take the quiz!

General Stats

  • This quiz has been taken 23 times
  • The average score is 8 of 17

Answer Stats

#ShowCharacter% Correct
155TNGBeverly Crusher
80%
176TNGDeanna Troi
80%
170VoyagerKathryn Janeway
80%
70TOSUhura
80%
173DS9Kira Nerys
50%
103VoyagerSeven of Nine
50%
25DS9Ezri Dax
45%
29TNGGuinan
45%
150DS9Jadzia Dax
45%
35TNGTasha Yar
45%
70VoyagerKes
40%
98EnterpriseT'Pol
40%
36TOSChristine Chapel
35%
20TNGKatherine Pulaski
35%
170VoyagerB'Elanna Torres
30%
27TNG(8)+DS9(19)Keiko O'Brien
30%
98EnterpriseHoshi Sato
25%

Score Distribution

Percentile by Number Answered

Percent of People with Each Score

Your Score History

You have not taken this quiz